000
00353nam a2200133Ia 4500
008
100328s9999 xx 000 0 und d
082
_b
33453
100
_a
बोरकर कमलाकर
245
_a
काळसर्प
260
_b
त्रिदल
630
_a
काळसर्प
730
_a
काळसर्प
942
_c
BOOK
999
_c
523907
_d
523904